000 01146nam a2200265Ia 4500
999 _c39487
_d39487
001 6083
003 GE_BSU
005 20190801102834.0
008 181216s2007||||ge |||||||||||||| ||geo||
020 _aISBN:9789994097831
040 _cGE_BSU
041 _ageo
080 _a616.314-089.23(075.8) ტ 77
100 _aტრეზუბოვი, ვ.
_93364
245 _aორთოპედიული სტომატოლოგია :
_bსახელმძღვ. /
_cვ. ტრეზუბოვი, ა. შჩერბაკოვი, ლ. მიშნევი
250 _aმეშვიდე გადამუშავებული და შევსებული გამოცემა
_b
264 _aთბილისი :
_bმთაწმინდელი ;
_c2007.
300 _a600 გვ. :
_bილ. ;
_c21 სმ.
541 _h26ლ.
653 _aმედიცინა
653 _aსტომატოლოგია
700 _aშჩერბაკოვი, ა.
_eავტორი
_93365
700 _aმიშნევი, ლ.
_eავტორი
_93366
942 _cBK
_2udc